000 01104nam0a22002651 4500
001 rc\31948
005 20021216124045.3
035 _a(NLR Aleph) 005316972
090 _a6446665
_c6446665
100 _a20021216d1993 u |0rusy50 ca
101 0 _arus
102 _aRU
105 _aa |||||||||
200 1 _aИССЛЕДОВАНИЕ биоэнергетических процессов
_e[Сб. ст.]
_fПод ред. проф. д. т. н. Г.Н. Дульнева
210 _aСПб.
_cИн-т точ. механики и оптики
_d1993
215 _a94 с.
_cил.
_d23
225 1 _aИзвестия вузов
_fГос. ком. Рос. Федерации по высш. образованию
_iПриборостроение
_vТ. 36, № 6: Темат. вып.
300 _aНа обл. загл. сер.: Приборостроение
320 _aБиблиогр. в конце ст.
702 1 _aДульнев
_bГ. Н.
_gГеннадий Николаевич
_4340
801 0 _aRU
_bNLR
_gpsbo
801 1 _aRU
_bELAR
_2rusmarc
852 _aNLR
_jП11/1514
942 _cBOOK
980 _aNB